| 000 | 00967nam a2200181Ia 4500 | ||
|---|---|---|---|
| 008 | 151202s9999||||xx |||||||||||||| ||und|| | ||
| 082 | _bPNVM-45766 | ||
| 100 | _aभावे सविता. | ||
| 245 | _aकालापुढती चार पाऊले.(शंतनुराव किर्लोस्कर यांचे समग्र चरित्र). | ||
| 260 | _b"कान्टिनेंटल प्रकाशन,पुणे." | ||
| 260 | _c2004 | ||
| 300 | _a406 | ||
| 600 | _aभावे सविता. | ||
| 630 | _aकालापुढती चार पाऊले.(शंतनुराव किर्लोस्कर यांचे समग्र चरित्र). | ||
| 700 | _aभावे सविता. | ||
| 730 | _aकालापुढती चार पाऊले.(शंतनुराव किर्लोस्कर यांचे समग्र चरित्र). | ||
| 942 | _cBOOK | ||
| 999 |
_c1311717 _d1311714 |
||